00570nam a22001817a 4500010001300000020001500013035001300028037001800041040001200059082001300071245009700084260004900181270004300230300002000273650003700293650003200330700002600362 aB-208302 a1593392915 aB-208302 bCen Lib / Ret aDPLbEN a030bBRI aThe encyclopædia britannica :bbook of the year /cedited by Karen Jacobs Sparks.. [et al.] aChicagobEncyclopædia Britannica, Incc2006 aEncyclopædia Britannica, IncbChicago a904p b27cm(Hb) aEncyclopedias and dictionaries.  aEnciclopedias Estrangeiras. aSparks, Karen Jacobs